Sports Quiz

Random Sports or Football Quiz

Copa Libertadores Winners' Starting XI (2001-2015) Quiz Stats

Quiz not verified by Sporcle

Challenge
Share
Tweet
Embed
Score 0/165 Timer 20:00
0 Plays Today
Year Player % Correct
Santos '11Neymar
90.3%
Boca Juniors '07Riquelme
84.4%
Boca Juniors '01Riquelme
84.4%
Atlético-MG '13
84.2%
São Paulo '05Rogério Ceni
81.6%
Estudiantes '09Verón
80%
Estudiantes '09Germán Ré
79.1%
Santos '11Ganso
78.6%
Corinthians '12Cássio
78.4%
Boca Juniors '07Palermo
77.6%
Corinthians '12Emerson
76.5%
Atlético-MG '13Ronaldinho
76.3%
Internacional '10D'Alessandro
74.7%
Atlético-MG '13Victor
74.2%
Atlético-MG '13Leonardo Silva
73.9%
Boca Juniors '03Tevez
72.9%
Corinthians '12Alex
72.6%
Internacional '06Alex
72.6%
São Paulo '05Alex
72.6%
Corinthians '12Paulinho
71.7%
Santos '11Léo
70.5%
Corinthians '12Danilo
70.4%
Santos '11Danilo
70.4%
São Paulo '05Danilo
70.4%
Corinthians '12Fábio Santos
67.5%
Santos '11Rafael
66%
Boca Juniors '07Palacio
65.4%
Atlético-MG '13Josué
65.1%
São Paulo '05Josué
65.1%
Atlético-MG '13Bernard
64.6%
Corinthians '12Ralf
64.4%
River Plate '15Barovero
64.4%
River Plate '15Sánchez
63.5%
Boca Juniors '03Abbondanzieri
63.1%
Internacional '10Rafael Sóbis
62.6%
Internacional '06Rafael Sóbis
62.6%
São Paulo '05Júnior
61.8%
Internacional '06Clemer
61.7%
Internacional '06Fernandão
61.7%
Atlético-MG '13Diego Tardelli
61.5%
Corinthians '12Alessandro
61.2%
São Paulo '05Mineiro
60.5%
Atlético-MG '13Réver
60.2%
Boca Juniors '07Clemente Rodríguez
59.7%
São Paulo '05Lugano
59.1%
Boca Juniors '03Clemente Rodríguez
58.8%
Boca Juniors '01Clemente Rodríguez
58.8%
Internacional '10Índio
57.5%
Internacional '06Índio
57.5%
Boca Juniors '07Morel Rodríguez
57.2%
Santos '11Elano
56.4%
Santos '11Edu Dracena
55.6%
Estudiantes '09Schiavi
54.6%
Boca Juniors '03Schiavi
54.6%
Santos '11Durval
53.5%
Year Player % Correct
Corinthians '12Chicão
53.1%
Corinthians '12Jorge Henrique
52.3%
São Paulo '05Amoroso
52.3%
River Plate '15Funes Mori
51.9%
São Paulo '05Cicinho
51.9%
São Paulo '05Fabão
51.7%
Corinthians '12Leandro Castán
51.5%
Santos '11Adriano
51.4%
Estudiantes '09Fernández
50.9%
Internacional '10Renan
50.6%
Internacional '10Bolívar
50.6%
Boca Juniors '07Ibarra
50.6%
Internacional '06Bolívar
50.6%
Boca Juniors '03Ibarra
50.6%
Boca Juniors '01Ibarra
50.6%
Santos '11Arouca
49.9%
Internacional '10Tinga
49.9%
Internacional '06Tinga
49.9%
San Lorenzo '14Ortigoza
49.9%
LDU '08Guerrón
49.3%
Olímpia '02Da Silva
49.3%
San Lorenzo '14Buffarini
48.8%
São Paulo '05Luizão
48.1%
Olímpia '02Córdoba
47.8%
Boca Juniors '01Córdoba
47.8%
Atlético-MG '13Pierre
47.2%
Once Caldas '04Henao
47.2%
Internacional '10Kléber
46.5%
Internacional '10Guiñazu
45.7%
Santos '11Zé Eduardo
45.1%
Estudiantes '09Boselli
45.1%
River Plate '15Alario
45%
River Plate '15Maidana
44.5%
San Lorenzo '14Romagnoli
43.9%
San Lorenzo '14Más
43.9%
River Plate '15Kranevitter
42.5%
LDU '08Bolaños
42.5%
Boca Juniors '03Delgado
42.5%
Boca Juniors '01Delgado
42.5%
Atlético-MG '13Júnior César
41.7%
Boca Juniors '03Battaglia
40.3%
Boca Juniors '07Díaz
38.8%
River Plate '15Cavenaghi
38.8%
River Plate '15Ponzio
38.8%
LDU '08Cevallos
38.3%
Estudiantes '09Desábato
37.2%
Internacional '10Nei
36.6%
River Plate '15Vangioni
36.3%
San Lorenzo '14Torrico
36.1%
Boca Juniors '03Burdisso
35.4%
Boca Juniors '07Banega
35.3%
Estudiantes '09Pérez
34.8%
Boca Juniors '07Caranta
34.5%
Boca Juniors '07Cardozo
33.8%
Internacional '10Sandro
33.3%
Year Player % Correct
Estudiantes '09Andújar
33.3%
Boca Juniors '07Ledesma
33.2%
Internacional '06Jorge Wagner
32.4%
Internacional '06Ceará
32.2%
Internacional '10Taison
31.2%
LDU '08Urrutia
30.8%
Internacional '06Fabiano Eller
30.8%
Boca Juniors '01Bermúdez
30.8%
San Lorenzo '14Cauteruccio
30.3%
Internacional '06Edinho
30%
Boca Juniors '01Serna
28.5%
LDU '08Bieler
27.7%
Boca Juniors '03Cagna
26.9%
San Lorenzo '14Mercier
26.7%
San Lorenzo '14Matos
26.5%
Estudiantes '09Braña
26.1%
Estudiantes '09Benítez
26.1%
Olímpia '02Miguel Benítez
26.1%
River Plate '15Mayada
25.8%
Olímpia '02Tavarelli
25.6%
San Lorenzo '14Villalba
24.7%
Boca Juniors '03Cascini
22.4%
Atlético-MG '13Michel
20.9%
San Lorenzo '14Gentiletti
20.5%
San Lorenzo '14Cetto
20.3%
Estudiantes '09Cellay
19.6%
Olímpia '02Cáceres
19.6%
Olímpia '02Órteman
19.3%
River Plate '15Bertolo
19.2%
LDU '08Manso
18.5%
LDU '08Norberto Araujo
17.7%
Once Caldas '04Viáfara
17.7%
Boca Juniors '01Gaitán
17.7%
LDU '08Vera
16.3%
Once Caldas '04Moreno
15.8%
Once Caldas '04García
14.3%
Once Caldas '04Rojas
14.2%
LDU '08Campos
13.8%
Once Caldas '04Soto
13.4%
Once Caldas '04Valentierra
13%
Boca Juniors '01Villarreal
12.4%
Boca Juniors '01Matellán
12.2%
LDU '08Ambrosi
11.4%
Olímpia '02Enciso
11.4%
Olímpia '02Richard Báez
10.1%
LDU '08Calle
9.7%
Boca Juniors '03Villareal
8.5%
Boca Juniors '01Travesso
8.2%
Once Caldas '04Alcázar
7.7%
Once Caldas '04Vanegas
5.8%
Once Caldas '04Velásquez
5.5%
Olímpia '02Isasi
5%
Olímpia '02Zelaya
4.5%
Olímpia '02Quintana
3.2%
Once Caldas '04Cataño
1.6%

You're not logged in!

Compare scores with friends on all Sporcle quizzes.
Join for Free
OR
Log In

You Might Also Like...

Show Comments

Extras

Top Quizzes Today


Score Distribution

Your Account Isn't Verified!

In order to create a playlist on Sporcle, you need to verify the email address you used during registration. Go to your Sporcle Settings to finish the process.

Report this User

Report this user for behavior that violates our Community Guidelines.

Details: